000 00580nam a22001817a 4500
999 _c186907
_d186907
005 20220323101258.0
010 _aENG-132083
020 _a9789388968409
_c599.00
035 _aEN-115615
037 _bDBAD/PUB
082 _a398.9
100 _aPhilip, Prateep V
245 _aFillipisms:
_b3333 Maxims To Maximize Your Life/
_cPrateep V Philip
260 _aBengaluru
_bATC Publishers
_c2020
270 _a9/12-1, 1st Floor, Lloyd's Road Cooke Town
_bBengaluru
_e560005
_madmin@atcpublishers.com
300 _a406p
_c23cm(pbk)
942 _2ddc
_cEN
_mPHI
_h398.9